| 000 | 007650000a22002290004500 | ||
|---|---|---|---|
| 003 | LK-CoMWRAF | ||
| 005 | 20231004155736.0 | ||
| 008 | 230817t ||||| |||| 00| 0 eng d | ||
| 040 |
_aLK-CoMWRAF _dLK-CoMWRAF _eLK-CoMWRAF |
||
| 041 | _aeng | ||
| 082 |
_a297.124 _bKHA |
||
| 100 | _aKhan, Muhammad Muhsin | ||
| 245 |
_aThe Translation of the meanings of Sahih Al-Bukhari : _bArabic-English |
||
| 250 | _a6th Edition | ||
| 260 |
_aLahore : _bKazi Publication, _c1986 |
||
| 300 | _a562p | ||
| 490 | _aVolume 8 | ||
| 500 | _aThis covers good manners,asking permission to enter,invocations,ar-raqaq,al-qadar, oaths & vows,expiation of unfulfiilled oaths, al-faraid, al-hudud,wages. | ||
| 650 | _aIslamic 2nd Sourse | ||
| 650 | _aProphert's Hadis | ||
| 942 | _cBK | ||
| 999 |
_c2647 _d2647 |
||